| 000 | 01588nam a2200397Ia 4500 | ||
|---|---|---|---|
| 001 | ebr10589183 | ||
| 003 | CaPaEBR | ||
| 006 | m u | ||
| 007 | cr cn||||||||| | ||
| 008 | 100819s2010 enk sb 000 0 eng d | ||
| 010 | _z 2010033903 | ||
| 020 | _z9783034304399 | ||
| 020 | _z9783035101102 | ||
| 040 |
_aCaPaEBR _cCaPaEBR |
||
| 035 | _a(OCoLC)811386480 | ||
| 050 | 1 | 4 |
_aPR5827.A35 _bM37 2010eb |
| 082 | 0 | 4 |
_a828/.809 _222 |
| 100 | 1 |
_aMarcovitch, Heather, _d1969- |
|
| 245 | 1 | 4 |
_aThe art of the pose _h[electronic resource] : _bOscar Wilde's performance theory / _cHeather Marcovitch. |
| 260 |
_aBern ; _aNew York : _bPeter Lang, _c2010. |
||
| 300 | _a222 p. | ||
| 504 | _aIncludes bibliographical references (p. 213-222). | ||
| 533 |
_aElectronic reproduction. _bPalo Alto, Calif. : _cebrary, _d2011. _nAvailable via World Wide Web. _nAccess may be limited to ebrary affiliated libraries. |
||
| 600 | 1 | 0 |
_aWilde, Oscar, _d1854-1900 _xCriticism and interpretation. |
| 600 | 1 | 0 |
_aWilde, Oscar, _d1854-1900 _xKnowledge _xPerforming arts. |
| 600 | 1 | 0 |
_aWilde, Oscar, _d1854-1900 _xAesthetics. |
| 600 | 1 | 0 |
_aWilde, Oscar, _d1854-1900 _xPhilosophy. |
| 650 | 0 | _aSelf-presentation in literature. | |
| 650 | 0 | _aSelf in literature. | |
| 650 | 0 | _aIdentity (Philosophical concept) in literature. | |
| 650 | 0 | _aPersona (Psychoanalysis) | |
| 650 | 0 | _aImage (Philosophy) | |
| 655 | 7 |
_aElectronic books. _2local |
|
| 710 | 2 | _aebrary, Inc. | |
| 856 | 4 | 0 |
_uhttp://site.ebrary.com/lib/rucke/Doc?id=10589183 _zAn electronic book accessible through the World Wide Web; click to view |
| 999 |
_c208631 _d208631 |
||